000 00751nam a22002417a 4500
003 UA-OsUOA
001 75396
007 ta
008 20110519b un ||||| |||| 00| 0 ukr d
100 _aБандурка І.П.
090 _a82.09(477)
_bБ23
942 _cBK
040 _aUA-OsUOA
_bukr
_cUA-OsUOA
_dUA-OsUOA
245 _aСловосповідь, або Вільні вірші Володимира Барни: Літературний портрет
300 _a184 с.
955 _a2
041 _aukr
080 _a82.09(477)
020 _a978-966-457-063-0
260 _aТернопіль
_bТзОВ Тернограф
_c2009
650 7 _a82 Література. Літературознавство
_2UDC
999 _c361692
_d361692